000 00304nam a2200133Ia 4500
005 20251222142000.0
008 251222s9999||||xx |||||||||||||| ||spa||
020 _a84-8280-925-3
082 _a853.91/G84D
100 _aGuareschi, Giovanni
245 0 _aDon Camilo
264 _bOveja Negra
942 _cLIB
999 _c9981
_d9981